000 00699cam a22002291 4500
001 l 42000075
003 DLC
005 20260227111537.0
008 820226s1940 mdu 000 0 eng c
010 _al 42000075
035 _a(OCoLC)8199727
040 _aU.S. Dept. of labor. Libr.
_cODaU
_dDLC
042 _apremarc
050 0 0 _aHD6994.B3
_bB3
110 2 _aBaltimore Council of Social Agencies.
245 1 0 _aBudgets for low income families.
260 _aBaltimore,
_bBaltimore Council of Social Agencies,
_c1940.
300 _a43 p.
_c23 cm.
504 _aBibliography: p.42-43.
650 0 _aCost and standard of living
_zMaryland
_zBaltimore
650 0 _aHome economics
_xAccounting
999 _c36377
_d36377